Pocahontas : (Record no. 186115)

000 -LEADER
fixed length control field 00485 a2200181 4500
003 - CONTROL NUMBER IDENTIFIER
control field Nust
005 - DATE AND TIME OF LATEST TRANSACTION
control field 20230330115133.0
010 ## - LIBRARY OF CONGRESS CONTROL NUMBER
LC control number 58003871
040 ## - CATALOGING SOURCE
Transcribing agency Nust
082 ## - DEWEY DECIMAL CLASSIFICATION NUMBER
Classification number 900,GAR
100 ## - MAIN ENTRY--PERSONAL NAME
Personal name Garnett, David,
9 (RLIN) 111590
245 ## - TITLE STATEMENT
Title Pocahontas :
Remainder of title or the nonparell of Virginia /
Statement of responsibility, etc. David Garnett,
260 ## - PUBLICATION, DISTRIBUTION, ETC.
Place of publication, distribution, etc. N.Y., Doubleday
Name of publisher, distributor, etc. Garden City
Date of publication, distribution, etc. 1958 [c1933]
300 ## - PHYSICAL DESCRIPTION
Extent 306 p
Other physical details illus
Dimensions 19 cm
600 ## - SUBJECT ADDED ENTRY--PERSONAL NAME
Personal name Garnett, David,
9 (RLIN) 111590
650 ## - SUBJECT ADDED ENTRY--TOPICAL TERM
Topical term or geographic name entry element Pocahontas
9 (RLIN) 111591
942 ## - ADDED ENTRY ELEMENTS (KOHA)
Source of classification or shelving scheme
Koha item type Book
Holdings
Withdrawn status Lost status Source of classification or shelving scheme Damaged status Not for loan Permanent Location Current Location Shelving location Date acquired Full call number Barcode Date last seen Price effective from Koha item type Public note
          Military College of Signals (MCS) Military College of Signals (MCS) General Stacks 12/12/2016 900,GAR MCS30096 12/08/2016 12/12/2016 Book Almirah No.75, Shelf No.4
© 2023 Central Library, National University of Sciences and Technology. All Rights Reserved.